Percentuale più alta di Podi in Formula 1 - Statistics

Statistiche generali
  • Questo quiz è stato fatto 48 volte
  • Il punteggio medio è 6 su 10
Statistiche sulle risposte
Nazione Stagioni Numero podi Numero gran premi Percentuale podi Pilota % Corretto
Paesi Bassi 2015-2023 94 181 51,9% Max Verstappen
100%
Italia 1950-1955 17 32 53,1% Alberto Ascari
96%
Argentina 1950-1951, 1953-1958 35 51 68,6% Juan Manuel Fangio
96%
Regno Unito 2007-2023 196 328 59,8% Lewis Hamilton
96%
Francia 1980-1991, 1993 106 199 53,3% Alain Prost
93%
Italia 1950-1955 20 33 60,6% Giuseppe Farina
91%
Italia 1950-1951 6 7 85,7% Luigi Fagioli
27%
Argentina 1950-1957, 1960 15 26 57,7% José Froilán González
16%
Italia 1950 1 1 100,0% Dorino Serafini
4%
Stati Uniti 1958 1 1 100,0% George Amick
2%
Nessun quiz corrispondente trovato
Distribuzione punteggi
Percentuale di utenti per punteggio
Percentile per numero di risposta
I tuoi punteggi nel tempo
Non hai fatto questo quiz